European Countries Beginning with the Letters of JETPUNK - Statistics

General Stats
  • This quiz has been taken 1,999 times
    1,857 since last reset
  • The average score is 8 of 9
Answer Stats
Country % Correct
Estonia
97%
United Kingdom
96%
Poland
94%
Norway
93%
Portugal
92%
Ukraine
92%
Netherlands
90%
Kosovo
89%
North Macedonia
79%
No matching quizzes found
Score Distribution
Percent of People with Each Score
Percentile by Number Answered
Your Score History
You have not taken this quiz since the last reset